MARC

LEADER 00000nam0a2200000 4500
001 336167
005 20231102004828.0
020 |a RU  |b 88-29997 
035 |a (RuTPU)RU\TPU\book\362583 
090 |a 336167 
100 |a 20171010d1988 k y0rusy5003 ca 
101 0 |a rus 
102 |a RU 
105 |a a z 001zy 
200 1 |a Фосфоритообразование и строматолиты  |f Э. А. Еганов  |g Академия наук СССР (АН СССР), Сибирское отделение (СО), Институт геологии и геофизики (ИГиГ) ; под ред. Е. М. Хабарова 
210 |a Новосибирск  |c Изд-во ИГИГ  |d 1988 
215 |a 89 с.  |c ил. 
300 |a Рез.: англ. 
320 |a Библиогр.: с. 57-62 (75 назв.) 
606 1 |a Фосфориты  |x Месторождения  |2 stltpush  |3 (RuTPU)RU\TPU\subj\64183  |9 81099 
610 1 |a Фосфоритовые месторождения 
610 1 |a строматолиты 
610 1 |a происхождение 
610 1 |a кембрий 
610 1 |a кембрийские отложения 
610 1 |a фитолиты 
610 1 |a онколиты 
610 1 |a Каратау 
610 1 |a Каратаусский фосфоритоносный бассейн 
610 1 |a Алтае-Саянский регион 
610 1 |a генезис 
675 |a 553.64  |z rus  |v 3 
700 1 |a Еганов  |b Э. А.  |g Эрик Аршавирович  |4 070 
702 1 |a Хабаров  |b Е. М.  |4 340 
712 0 2 |a Академия наук СССР (АН СССР)  |b Сибирское отделение (СО)  |b Институт геологии и геофизики (ИГиГ)  |c (Новосибирск)  |2 stltpush  |3 (RuTPU)RU\TPU\col\128 
801 0 |a RU  |b RuMRKP  |c 19950417  |g psbo 
801 1 |a RU  |b 63413507  |c 20171010 
801 2 |a RU  |b 63413507  |c 20171012  |g RCR 
942 |c BK